Statistiques concernant Anglais-verbes irréguliers (2)

Cliquez ici pour prendre le quiz!

Statistiques générales

  • Ce quiz a été pris 210 fois
  • Le résultat moyen est 135 sur 170

Statistiques - réponses

Base VerbalePrétéritParticipe PasséTraduction% Correct
BecomeBecameBecomeDevenir
95%
BetBetBetParier
94%
BreakBrokeBrokenCasser
94%
BuildBuiltBuiltConstruire
94%
CastCastCastJeter/ Distribuer (rôles)
94%
BiteBitBittenMordre
93%
CutCutCutCouper
93%
CanCouldCouldPouvoir
92%
BuyBoughtBoughtAcheter
91%
BringBroughtBroughtApporter
91%
CatchCaughtCaughtAttraper
91%
ChooseChoseChosenChoisir
91%
ComeCameComeVenir
91%
BeginBeganBegunCommencer
90%
BendBentBentPlier/ Se courber
90%
CostCostCostCoûter
90%
FeelFeltFeltSe sentir/ Ressentir
90%
BleedBledBledSaigner
89%
BurstBurstBurstÉclater
89%
DriveDroveDrivenConduire
89%
DrinkDrankDrunkBoire
89%
EatAteEatenManger
89%
ForgetForgotForgotten/ ForgotOublier
89%
FightFoughtFoughtSe battre
89%
FindFoundFoundTrouver
89%
BurnBurnt/ BurnedBurnt/ BurnedBrûler
88%
DigDugDugCreuser
88%
FeedFedFedNourrir
88%
FleeFledFledS’enfuir
88%
GetGotGotten/ GotObtenir
88%
CreepCreptCreptRamper
87%
DealDealtDealtDistribuer
87%
DreamDreamt/ DreamedDreamt/ DreamedRêver
87%
FreezeFrozeFrozenGeler
87%
BroadcastBroadcastBroadcastDiffuser/ Émettre
86%
ForgiveForgaveForgivenPardonner
86%
GiveGaveGivenDonner
86%
HitHitHitTaper/ Appuyer
86%
PutPutPutMettre
86%
MeetMetMetRencontrer
85%
RunRanRunCourir
85%
SleepSleptSleptDormir
85%
BidBid/ BadeBid/ BiddenOffrir
84%
BlowBlewBlownSouffler/ Gonfler
84%
ChideChid/ ChodeChid/ ChiddenGronder
84%
DoDidDoneFaire
84%
FallFellFallenTomber
84%
FlingFlungFlungLancer
84%
LoseLostLostPerdre
84%
PayPaidPaidPayer
84%
QuitQuitQuitQuitter
84%
ReadReadReadLire
84%
SitSatSatS’assoire
84%
SetSetSetFixer
84%
ShootshotshotTirer/ Fusiller
84%
SpeedSpedSpedAller vite
84%
SpendSpentSpentDépenser/ Passer du temps
84%
BeatBeatBeatenBattre
83%
ClingClungClungS’accrocher
83%
ForbideForbadeForbiddenInterdire
83%
GoWentGoneAller
83%
HaveHadHadAvoir
83%
HurtHurtHurtBlesser
83%
LeadLedLedMener/ Guider
83%
LetLetLetPermettre/ Louer
83%
MakeMadeMadeFabriquer
83%
RendRentRentDéchirer
83%
RidRidRidDébarrasser
83%
SlitSlitSlitFendre
83%
SmellSmeltSmeltSentir
83%
SpellSpeltSpeltÉpeler/ Orthographier
83%
SpeakSpokeSpokenParler
83%
KeepKeptKeptGarder
82%
LeanLeant/ LeanedLeant/ LeanedS’incliner/ Se pencher
82%
LeaveLeftLeftLaisser/ Quitter/ Partir
82%
AbideAbodeAbodeRespecter/Se conformer à
81%
AwakeAwokeAwokenSe réveiller
81%
DiveDivedDived/ DovePlonger
81%
DrawDrewDrawnDessiner/ Tirer
81%
DwellDweltDwelt/ DwelledHabiter
81%
ForecastForcastForcastPrévoir
81%
HideHidHiddenCacher
81%
LayLaidLaidPoser
81%
LearnLearntLearntApprendre
81%
MeanMeantMeantSignifier
81%
SaySaidSaidDire
81%
SendSentSentEnvoyer
81%
ShedShedShedRépandre/ Laisser tomber
81%
ShutShutShutFermer
81%
SlideSlidSlidGlisser
81%
SellSoldSoldVendre
81%
StandStoodStoodÊtre debout
81%
ClotheClad/ ClothedClad/ ClothedHabiller/ Recouvrir
80%
LendLentLentPrêter
80%
WriteWroteWrittenÉcrire
80%
HearHeardHeardEntendre
79%
HoldHeldHeldTenir
79%
KneelKnelt/ KnelledKnelt/ KnelledS’agenouiller
79%
LightLit/ LightedLit/ LightedAllumer
79%
OvercomeOvercameOvercomeSurmonter
79%
RelayRelaidRelaidRelayer
79%
RingRangRungSonner/ Téléphoner
79%
SplitSplitSplitFendre
79%
SpoilSpoiltSpoiltGâcher/ Gâter
79%
SpreadSpreadSpreadRépendre
79%
StealStoleStolenVoler/ Dérober
79%
StickStuckStuckColler
79%
TellToldToldDire/ Raconter
79%
GrindGroundGroundMoudre/ Opprimer
78%
HangHungHungTenir/ Pendre
78%
LeapLeapt/ LeapedLeapt/ LeapedSauter/ Bondir
78%
PresetPresetPresetProgrammer
78%
ShineShoneShoneBriller
78%
SeekSoughtSoughtChercher
78%
SpinSpunSpunTourner/ Faire tourner
78%
StrikeStruckStricken/ StruckFrapper
78%
StingStungStungPiquer
78%
TeachTaughtTaughtEnseigner
78%
ThinkThoughtThoughtPenser
78%
WinWonWonGagner
78%
PleadPled/ PleadedPled/ PleadedSupplier/ Plaider
77%
ShoeShodShodChausser
77%
SpillSpilt/ SpilledSpilt/ SpilledRenverser
77%
SingSangSungChanter
77%
FlyFlewFlownVoler
76%
MowMowedMowed/ MownTondre
76%
OffsetOffsetOffsetCompenser
76%
ProveProvedProven/ ProvedProuver
76%
RiseRoseRisenLever
76%
SawSaw/ SawedSawn/ SawedScier
76%
SowSowedSown/ SowedSemer
76%
SpringSprangSprungSurgir/ Jaillir/ Bondir
76%
KnowKnewKnownConnaître/ Savoir
75%
TakeTookTakenPrendre
75%
UnderstandUnderstoodUnderstoodComprendre
75%
GrowGrewGrownGrandir/ Pousser
74%
ShakeShookShakenSecouer
74%
SpitSpat/ SpitSpat/ SpitCracher
74%
SweatSweat/ SweatedSweat/ SweatedSuer
74%
ThrustThrustThrustEnfoncer
74%
AriseAroseArisenSurvenir
73%
StinkStankStunkPuer
73%
SinkSank/ SunkSunk/ SunkenCouler
73%
SwimSwamSwumNager
73%
WeepWeptWeptPleurer
73%
WetWet/ WettedWet/ WettedMouiller
73%
WakeWokeWokenRéveiller
72%
WringWrungWrungTordre
72%
SeeSawSeenVoir
71%
SweepSweptSweptBalayer
71%
TypesetTypesetTypesetComposer
71%
WindWoundWoundEnrouler/ Remonter
71%
StrewStrewedStrewn/ StrewedÉparpiller
70%
ThrowThrewThrownJeter
69%
ShowShowedShownMontrer
68%
SwingSwungSwungSe balancer
68%
BearBoreBorne/bornPorter/ Supporter/ Naître
67%
ForseeForsawForseenPrévoir/ Présentir
67%
ForsakeForsookForsakenAbandonner
66%
PatakePartookPartakenPrendre part à
66%
UndergoUnderwentUndergoneSubir
66%
ThriveThrove/ ThrivedThriven/ ThrivedProspérer
64%
StriveStroveStrivenS’efforcer
63%
WithdrawWithdrewWithdrawnSe retirer
61%
BegetBegat/ begotBegottenEngendrer
59%
SwearSworeSwornJurer
56%
TearToreTornDéchirer
56%
LieLayLainS’allonger
37%
SwellSwelled/ SweatedSwollenGonfler/ Enfler
26%
SlaySlewSlainTuer
24%

Distribution des résultats

Percentile par nombre de réponses

% des personnes avec chaque résultat

Votre développement - résultats

Vous n’avez pas pris ce quiz